<?xml version="1.0" encoding="UTF-8"?>
<record
    xmlns:xsi="http://www.w3.org/2001/XMLSchema-instance"
    xsi:schemaLocation="http://www.loc.gov/MARC21/slim http://www.loc.gov/standards/marcxml/schema/MARC21slim.xsd"
    xmlns="http://www.loc.gov/MARC21/slim">

  <leader>01231nam0a2200337   4500</leader>
  <controlfield tag="001">RU\NLR\bibl\1799271</controlfield>
  <controlfield tag="005">20250616145715.0</controlfield>
  <datafield tag="010" ind1=" " ind2=" ">
    <subfield code="a">978-5-9507-1367-5</subfield>
    <subfield code="9">2000</subfield>
  </datafield>
  <datafield tag="021" ind1=" " ind2=" ">
    <subfield code="a">RU</subfield>
    <subfield code="b">2011-54395</subfield>
    <subfield code="9">3874</subfield>
  </datafield>
  <datafield tag="035" ind1=" " ind2=" ">
    <subfield code="a">(NLR Aleph) 001789945</subfield>
  </datafield>
  <datafield tag="090" ind1=" " ind2=" ">
    <subfield code="a">1750974</subfield>
    <subfield code="c">1750974</subfield>
  </datafield>
  <datafield tag="100" ind1=" " ind2=" ">
    <subfield code="a">20110816d2011    |||y0rusy50      ca</subfield>
  </datafield>
  <datafield tag="101" ind1="0" ind2=" ">
    <subfield code="a">rus</subfield>
  </datafield>
  <datafield tag="102" ind1=" " ind2=" ">
    <subfield code="a">RU</subfield>
  </datafield>
  <datafield tag="105" ind1=" " ind2=" ">
    <subfield code="a">y   |||||||||</subfield>
  </datafield>
  <datafield tag="200" ind1="1" ind2=" ">
    <subfield code="a">&#x428;&#x443;&#x442;&#x44F;&#x442; &#x441;&#x442;&#x443;&#x434;&#x435;&#x43D;&#x442;&#x44B;, &#x448;&#x443;&#x442;&#x44F;&#x442; &#x43F;&#x440;&#x43E;&#x444;&#x435;&#x441;&#x441;&#x43E;&#x440;&#x430;</subfield>
    <subfield code="e">&#x441;&#x431;&#x43E;&#x440;&#x43D;&#x438;&#x43A; &#x430;&#x43D;&#x435;&#x43A;&#x434;&#x43E;&#x442;&#x43E;&#x432;</subfield>
    <subfield code="f">[&#x441;&#x43E;&#x441;&#x442;.: &#x434;.&#x44D;.&#x43D;., &#x43F;&#x440;&#x43E;&#x444;. &#x413;.&#x420;. &#x425;&#x430;&#x441;&#x430;&#x435;&#x432;]</subfield>
  </datafield>
  <datafield tag="210" ind1=" " ind2=" ">
    <subfield code="a">&#x421;&#x430;&#x43C;&#x430;&#x440;&#x430;</subfield>
    <subfield code="c">&#x423;&#x447;&#x435;&#x431;&#x43D;&#x430;&#x44F; &#x43B;&#x438;&#x442;&#x435;&#x440;&#x430;&#x442;&#x443;&#x440;&#x430;</subfield>
    <subfield code="c">&#x424;&#x435;&#x434;&#x43E;&#x440;&#x43E;&#x432;</subfield>
    <subfield code="d">2011</subfield>
  </datafield>
  <datafield tag="215" ind1=" " ind2=" ">
    <subfield code="a">263 &#x441;.</subfield>
    <subfield code="d">19</subfield>
  </datafield>
  <datafield tag="606" ind1="1" ind2=" ">
    <subfield code="a">&#x410;&#x43D;&#x435;&#x43A;&#x434;&#x43E;&#x442;&#x44B; &#x440;&#x443;&#x441;&#x441;&#x43A;&#x438;&#x435;</subfield>
    <subfield code="z">21 &#x432;.</subfield>
    <subfield code="9">2516325</subfield>
    <subfield code="3">RU\NLR\auth\661491381</subfield>
  </datafield>
  <datafield tag="606" ind1="1" ind2=" ">
    <subfield code="a">&#x41F;&#x435;&#x434;&#x430;&#x433;&#x43E;&#x433;&#x438;&#x43A;&#x430;</subfield>
    <subfield code="9">921924</subfield>
    <subfield code="3">RU\NLR\auth\6619222</subfield>
  </datafield>
  <datafield tag="686" ind1=" " ind2=" ">
    <subfield code="a">&#x428;3(2=1&#x420;)8-670</subfield>
  </datafield>
  <datafield tag="686" ind1=" " ind2=" ">
    <subfield code="a">&#x428;3(2=1&#x420;)8-697</subfield>
  </datafield>
  <datafield tag="686" ind1=" " ind2=" ">
    <subfield code="a">&#x427;30&#x44F;48</subfield>
  </datafield>
  <datafield tag="702" ind1=" " ind2="1">
    <subfield code="4">220</subfield>
    <subfield code="7">ca</subfield>
    <subfield code="8">rus</subfield>
    <subfield code="a">&#x425;&#x430;&#x441;&#x430;&#x435;&#x432;</subfield>
    <subfield code="b">&#x413;. &#x420;.</subfield>
    <subfield code="f">1951-</subfield>
    <subfield code="g">&#x413;&#x430;&#x431;&#x438;&#x431;&#x443;&#x43B;&#x43B;&#x430; &#x420;&#x430;&#x431;&#x430;&#x434;&#x430;&#x43D;&#x43E;&#x432;&#x438;&#x447;</subfield>
    <subfield code="9">159980</subfield>
    <subfield code="3">RU\NLR\AUTH\770160021</subfield>
  </datafield>
  <datafield tag="801" ind1=" " ind2="0">
    <subfield code="a">RU</subfield>
    <subfield code="b">NLR</subfield>
    <subfield code="c">20110816</subfield>
    <subfield code="g">RCR</subfield>
  </datafield>
  <datafield tag="801" ind1=" " ind2="1">
    <subfield code="a">RU</subfield>
    <subfield code="b">NLR</subfield>
    <subfield code="c">20110816</subfield>
  </datafield>
  <datafield tag="830" ind1=" " ind2=" ">
    <subfield code="a">&#x441;&#x43E;&#x441;&#x442;. &#x440;&#x430;&#x441;&#x43A;&#x440;&#x44B;&#x442; &#x43F;&#x43E; &#x42D;&#x41A;</subfield>
  </datafield>
  <datafield tag="942" ind1=" " ind2=" ">
    <subfield code="c">BOOK</subfield>
  </datafield>
  <datafield tag="980" ind1=" " ind2=" ">
    <subfield code="a">NB</subfield>
  </datafield>
  <datafield tag="980" ind1=" " ind2=" ">
    <subfield code="a">NBR</subfield>
  </datafield>
  <datafield tag="995" ind1=" " ind2=" ">
    <subfield code="5">2011-08-16</subfield>
    <subfield code="a">ad</subfield>
    <subfield code="b">NLR01</subfield>
    <subfield code="c">NLR01</subfield>
    <subfield code="e">RF8</subfield>
    <subfield code="f">3471057</subfield>
    <subfield code="k">2011-3/25437</subfield>
    <subfield code="o">0</subfield>
    <subfield code="r">BOOK</subfield>
    <subfield code="s">2011325437_</subfield>
  </datafield>
  <datafield tag="995" ind1=" " ind2=" ">
    <subfield code="5">2011-08-16</subfield>
    <subfield code="a">ad</subfield>
    <subfield code="b">NLR02</subfield>
    <subfield code="c">NLR02</subfield>
    <subfield code="e">MK</subfield>
    <subfield code="f">1-298918</subfield>
    <subfield code="o">0</subfield>
    <subfield code="p">300.00</subfield>
    <subfield code="r">BOOK</subfield>
  </datafield>
</record>
